Brückenrätsel #2 - Statistiken

Allgemein
  • Dieses Quiz wurde 438 mal gespielt
  • Das Durchschnittsergebnis liegt bei 4 aus 13
Antwortstatistiken
Antwort % Korrekt
TIER
68%
ABEND
60%
KOCH
44%
DAMPF
37%
STIEFEL
37%
KOERPER
36%
VOGEL
34%
STEIN
28%
PULVER
23%
REIFEN
22%
KUNST
17%
BETONPFEILER
16%
ACHTER
11%
Keine übereinstimmenden Quizze gefunden
Verteilung der Resultate
Anzahl Personen mit jedem Resultat
Perzentil nach korrekt beantworteten Fragen
Ihre Resultats-Entwicklung
Sie haben dieses Quiz noch nicht gespielt